Macrame ; creative design in knotting /

Bibliographic Details
Main Author: Meilach, Dona Z.
Format: Book
Language:English
Published: New York : Crown Publishers, [1971]
Subjects:

MARC

Tag First Indicator Second Indicator Subfields
LEADER 00000cam a2200000 4500
001 in00000093429
005 20150927070143.0
008 710305s1971 nyua b 00110 eng
010 |a  73147330  
035 |a (OCoLC)00126174 
035 |9 AAL5275AM 
037 |c $7.95 
040 |a DLC  |c DLC  |d OCL  |d TXA  |d UtOrBLW 
049 |a TXAM  |c 1 [855484]  |c 2 [1203991] 
050 0 0 |a TT840  |b .M4 1971 
082 0 |a 746.4 
100 1 |a Meilach, Dona Z. 
245 1 0 |a Macrame ;  |b creative design in knotting /  |c [by] Dona Z. Meilach. 
264 1 |a New York :  |b Crown Publishers,  |c [1971] 
300 |a xii, 212 pages :  |b illustrations (part color) ;  |c 27 cm. 
336 |a text  |b txt  |2 rdacontent 
337 |a unmediated  |b n  |2 rdamedia 
338 |a volume  |b nc  |2 rdacarrier 
504 |a Bibliography: page 202. 
650 0 |a Macramé. 
999 |a MARS 
999 f f |s f69b2b07-345a-3fc6-9c25-48edaef53f7b  |i 48fd1a95-0802-3d25-9317-5db7c3a04b41  |t 0 
952 f f |p ric  |a Texas A&M University  |b Rellis Campus  |c Joint Library Facility  |d Remote Storage  |t 0  |e TT840 .M4 1971  |h Library of Congress classification  |i unmediated -- volume  |m A14805664953 
998 f f |a TT840 .M4 1971  |t 0  |l Remote Storage